00333nam a22001217a 450000500170000002000180001710000270003524500540006226000510011630000130016794200120018099900190019220260625152510.0 a9781009486910 aStrange, Austin917028 aChinese global infrastructure/cby Austin Strange a. - U K b: Cambridge University Pressc, 2024 a94 pages 2ddccBK c761066d761066